| 000 | 00352nam a2200133Ia 4500 | ||
|---|---|---|---|
| 008 | 240624s9999 xx 000 0 und d | ||
| 041 | _aeng | ||
| 082 | _a300.72 VAU | ||
| 100 | _aVAUS DAVID DE | ||
| 245 | _aRESEARCH DESIGN IN SOCIAL RESEARCH | ||
| 260 |
_c2001 _aLondon _bSage Publications |
||
| 300 | _axvii, : 279 : p. : cm. ; 24 | ||
| 365 |
_cGBP _b38 |
||
| 999 |
_c21699 _d21699 |
||